Nonlinear Control/ (Record no. 167581)

MARC details
000 -LEADER
fixed length control field 00548nam a22001817a 4500
005 - DATE AND TIME OF LATEST TRANSACTION
control field 20190912161650.0
010 ## - LCCN (DPL NO)
LC control number ENG-126464
020 ## - INTERNATIONAL STANDARD BOOK NUMBER
Terms of availability 359.00
International Standard Book Number 978-93-528-6646-5
035 ## - SYSTEM CONTROL NUMBER
System control number EN-109996
037 ## - SOURCE OF ACQUISITION
Source of stock number/acquisition DBAD/PUB
082 ## - DEWEY DECIMAL CLASSIFICATION NUMBER
Classification number 629.836
100 ## - MAIN ENTRY--PERSONAL NAME
Personal name Khalil,Hassan K
245 ## - TITLE STATEMENT
Title Nonlinear Control/
Statement of responsibility, etc by Hassan K. Khalil
260 ## - PUBLICATION, DISTRIBUTION, ETC. (IMPRINT)
Place of publication, distribution, etc U.P
Name of publisher, distributor, etc Pearson
Date of publication, distribution, etc 2019
270 ## - ADDRESS
City Noida
Address 15th Floor, Tower-B,World Trade Tower,Plot No. 1, Block-C, Sector 16,,
Postal code 201301
300 ## - PHYSICAL DESCRIPTION
Extent 398p.
Dimensions 22cm(pbk)
942 ## - ADDED ENTRY ELEMENTS (KOHA)
Source of classification or shelving scheme Dewey Decimal Classification
Item type English Books
Classification part 629.836
Call number suffix KHA
Holdings
Withdrawn status Lost status Not for loan Collection code Home library Current library Date acquired Source of acquisition Cost, normal purchase price Full call number Barcode Copy number Cost, replacement price Koha item type
      Non-fiction Andrews Gunj Andrews Gunj 12/09/2019 DBAD/PUB 359.00 629.836 KHA EN-109996 1 359.00 English Books

© Delhi Public Library
Hit Counter
free hit counter